[Event "YUG-ch"]
[Site "Umag"]
[Date "1972.??.??"]
[Round "7"]
[White "Parma, Bruno"]
[Black "Velimirovic, Dragoljub"]
[Result "1/2-1/2"]
[WhiteElo "2510"]
[BlackElo "2500"]
[PlyCount "40"]
[EventDate "1972.??.??"]
[EventType "tourn"]
[EventRounds "19"]
[EventCountry "YUG"]
[EventCategory "9"]
[Source "ChessBase"]
[SourceDate "1999.07.01"]
[WhiteTeamCountry "YUG"]
[BlackTeamCountry "URS"]

1. e4 e5 2. Nf3 Nc6 3. Bb5 a6 4. Ba4 Nf6 5. O-O Be7 6. Re1 b5 7. Bb3 d6 8. c3
O-O 9. h3 Na5 10. Bc2 Nc4 11. d3 Nb6 12. Nbd2 c5 13. Nf1 Re8 14. Ng3 g6 15. d4
Qc7 16. Bg5 Bb7 17. dxe5 dxe5 18. Qe2 Na4 19. Bxa4 bxa4 20. Qc4 Bc6 1/2-1/2

[Event "YUG-ch"]
[Site "Umag"]
[Date "1972.??.??"]
[Round "8"]
[White "Kurajica, Bojan"]
[Black "Velimirovic, Dragoljub"]
[Result "1-0"]
[WhiteElo "2455"]
[BlackElo "2500"]
[PlyCount "29"]
[EventDate "1972.??.??"]
[EventType "tourn"]
[EventRounds "19"]
[EventCountry "YUG"]
[EventCategory "9"]
[Source "ChessBase"]
[SourceDate "1999.07.01"]
[WhiteTeamCountry "YUG"]
[BlackTeamCountry "URS"]

1. e4 c5 2. Nf3 d6 3. Nc3 g6 4. d4 cxd4 5. Qxd4 Nf6 6. e5 Nc6 7. Bb5 Nh5 8. g4
Ng7 9. exd6 a6 10. Bxc6+ bxc6 11. dxe7 Qxe7+ 12. Be3 c5 13. Qc4 Qb7 14. O-O-O
Be6 15. Qa4+ 1-0

[Event "YUG-ch"]
[Site "Umag"]
[Date "1972.??.??"]
[Round "11"]
[White "Velimirovic, Dragoljub"]
[Black "Minic, Dragoljub"]
[Result "1/2-1/2"]
[WhiteElo "2500"]
[BlackElo "2460"]
[PlyCount "56"]
[EventDate "1972.??.??"]
[EventType "tourn"]
[EventRounds "19"]
[EventCountry "YUG"]
[EventCategory "9"]
[Source "ChessBase"]
[SourceDate "1999.07.01"]
[WhiteTeamCountry "YUG"]
[BlackTeamCountry "URS"]

1. e4 c5 2. Nf3 d6 3. d4 cxd4 4. Nxd4 Nf6 5. Nc3 a6 6. Bg5 e6 7. f4 Be7 8. Qf3
h6 9. Bh4 Nbd7 10. O-O-O Qc7 11. Bg3 b5 12. e5 Bb7 13. Qe2 dxe5 14. fxe5 Nd5
15. Ne4 O-O 16. Nf6+ Kh8 17. Qd3 gxf6 18. Qd2 f5 19. Qxh6+ Kg8 20. Bd3 Qb6 21.
Bf2 Qd8 22. h4 Nxe5 23. Nxf5 exf5 24. Bxf5 Ng6 25. Bd4 Bf6 26. Bxg6 fxg6 27.
Qxg6+ Kh8 28. Qh6+ Kg8 1/2-1/2

[Event "YUG-ch"]
[Site "Umag"]
[Date "1972.??.??"]
[Round "12"]
[White "Janosevic, Dragoljub"]
[Black "Velimirovic, Dragoljub"]
[Result "0-1"]
[WhiteElo "2430"]
[BlackElo "2500"]
[PlyCount "76"]
[EventDate "1972.??.??"]
[EventType "tourn"]
[EventRounds "19"]
[EventCountry "YUG"]
[EventCategory "9"]
[Source "ChessBase"]
[SourceDate "1999.07.01"]
[WhiteTeamCountry "YUG"]
[BlackTeamCountry "URS"]

1. e4 c5 2. Nf3 Nc6 3. d4 cxd4 4. Nxd4 g6 5. Nc3 Bg7 6. Be3 Nf6 7. Bc4 O-O 8.
Bb3 d6 9. f3 Bd7 10. Qd2 Qa5 11. O-O-O Rfc8 12. h4 Ne5 13. Kb1 b5 14. Bh6 Nc4
15. Bxc4 Bxh6 16. Qxh6 bxc4 17. h5 Rab8 18. Nd5 Nxd5 19. exd5 Qa3 20. Nb3 cxb3
21. bxa3 Bf5 22. g4 bxc2+ 23. Ka1 cxd1=Q+ 24. Rxd1 Bc2 25. hxg6 Bxg6 26. f4 Be4
27. f5 Rc7 28. Qg5+ Kf8 29. Qe3 Bc2 30. Qh6+ Ke8 31. Qxh7 Rcb7 32. Qh8+ Kd7 33.
Qh1 Bxd1 34. Qxd1 f6 35. a4 a5 36. Qe1 Rb1+ 37. Qxb1 Rxb1+ 38. Kxb1 Kc7 0-1

[Event "YUG-ch"]
[Site "Umag"]
[Date "1972.??.??"]
[Round "13"]
[White "Velimirovic, Dragoljub"]
[Black "Komljenovic, Davor"]
[Result "1-0"]
[WhiteElo "2500"]
[BlackElo "2200"]
[PlyCount "80"]
[EventDate "1972.??.??"]
[EventType "tourn"]
[EventRounds "19"]
[EventCountry "YUG"]
[EventCategory "9"]
[Source "ChessBase"]
[SourceDate "1999.07.01"]
[WhiteTeamCountry "YUG"]
[BlackTeamCountry "URS"]

1. e4 c5 2. Nf3 d6 3. d4 cxd4 4. Nxd4 Nf6 5. Nc3 Nc6 6. Bc4 Qb6 7. Nde2 e6 8.
Bb3 Be7 9. Qd3 O-O 10. f4 Bd7 11. Qf3 Na5 12. e5 Bc6 13. Be3 Qd8 14. exf6 Bxf3
15. fxe7 Qxe7 16. gxf3 Qh4+ 17. Ng3 d5 18. O-O-O Rfd8 19. Kb1 g6 20. Nce2 Nxb3
21. cxb3 h5 22. Bd4 b6 23. Rhg1 Kf8 24. Nh1 Qh3 25. Nf2 Qf5+ 26. Nd3 Rdc8 27.
Be5 Ke7 28. h4 f6 29. Bc3 e5 30. fxe5 fxe5 31. Bxe5 Kd7 32. Nd4 Qf7 33. f4 Re8
34. f5 Rg8 35. f6 Rge8 36. Rg2 Rac8 37. Rdg1 Rg8 38. a4 Rc5 39. Ka2 Kc8 40. Nf5
Kd7 1-0

[Event "YUG-ch"]
[Site "Umag"]
[Date "1972.??.??"]
[Round "15"]
[White "Velimirovic, Dragoljub"]
[Black "Nemet, Ivan"]
[Result "1-0"]
[WhiteElo "2500"]
[BlackElo "2415"]
[PlyCount "93"]
[EventDate "1972.??.??"]
[EventType "tourn"]
[EventRounds "19"]
[EventCountry "YUG"]
[EventCategory "9"]
[Source "ChessBase"]
[SourceDate "1999.07.01"]
[WhiteTeamCountry "YUG"]
[BlackTeamCountry "URS"]

1. e4 e5 2. Nf3 Nc6 3. Bb5 a6 4. Ba4 Nf6 5. O-O Be7 6. Bxc6 dxc6 7. Qe1 Nd7 8.
b3 c5 9. Nc3 g5 10. d3 g4 11. Nd2 Nf8 12. Nd5 Be6 13. Nc4 Ng6 14. Bb2 Bxd5 15.
exd5 f6 16. Qe4 Qd7 17. d6 Bxd6 18. Qxb7 O-O 19. Nb6 Qe8 20. Nxa8 Qxa8 21. Qxa8
Rxa8 22. f3 gxf3 23. Rxf3 Be7 24. Raf1 Nf4 25. g3 Nd5 26. c4 Nb4 27. a3 Nc6 28.
Rxf6 Bxf6 29. Rxf6 Nd4 30. Bxd4 exd4 31. Kf2 Rb8 32. b4 cxb4 33. axb4 Rxb4 34.
Rxa6 Rb3 35. Ke2 Rb8 36. Re6 Rb2+ 37. Kf3 Rxh2 38. Re8+ Kf7 39. Rc8 Ke6 40.
Rxc7 Kd6 41. Rc8 h5 42. Rd8+ Kc5 43. Rd5+ Kb4 44. Rxd4 Kc3 45. Rd5 h4 46. gxh4
Rxh4 47. c5 1-0

[Event "YUG-ch"]
[Site "Umag"]
[Date "1972.??.??"]
[Round "16"]
[White "Matanovic, Aleksandar"]
[Black "Velimirovic, Dragoljub"]
[Result "1/2-1/2"]
[WhiteElo "2515"]
[BlackElo "2500"]
[PlyCount "42"]
[EventDate "1972.??.??"]
[EventType "tourn"]
[EventRounds "19"]
[EventCountry "YUG"]
[EventCategory "9"]
[Source "ChessBase"]
[SourceDate "1999.07.01"]
[WhiteTeamCountry "YUG"]
[BlackTeamCountry "URS"]

1. e4 c5 2. Nf3 Nc6 3. d4 cxd4 4. Nxd4 g6 5. Nc3 Bg7 6. Be3 Nf6 7. Bc4 d6 8. f3
Bd7 9. Qd2 O-O 10. Bb3 Qa5 11. O-O-O Rfc8 12. Kb1 Ne5 13. h4 Rc5 14. Bh6 Nc4
15. Bxc4 Bxh6 16. Qxh6 Rxc4 17. h5 Rxc3 18. bxc3 Nxh5 19. g4 Nf6 20. Rd3 Rc8
21. Qe3 Qe5 1/2-1/2

[Event "YUG-ch"]
[Site "Umag"]
[Date "1972.??.??"]
[Round "17"]
[White "Velimirovic, Dragoljub"]
[Black "Rukavina, Josip"]
[Result "0-1"]
[WhiteElo "2500"]
[BlackElo "2480"]
[PlyCount "86"]
[EventDate "1972.??.??"]
[EventType "tourn"]
[EventRounds "19"]
[EventCountry "YUG"]
[EventCategory "9"]
[Source "ChessBase"]
[SourceDate "1999.07.01"]
[WhiteTeamCountry "YUG"]
[BlackTeamCountry "URS"]

1. e4 g6 2. d4 Bg7 3. Nc3 c6 4. f4 d5 5. e5 h5 6. Nf3 Bg4 7. Be3 Nh6 8. Be2 e6
9. Bf2 Nf5 10. g3 h4 11. Nxh4 Bxe2 12. Nxe2 Nxh4 13. gxh4 Bf8 14. h5 Rxh5 15.
Ng3 Rh3 16. Qg4 Rh4 17. Qf3 Qa5+ 18. Kf1 Be7 19. f5 gxf5 20. Nxf5 exf5 21. Bxh4
Bxh4 22. Qh5 Be7 23. e6 Kd8 24. exf7 Nd7 25. Re1 Qb4 26. Qh8+ Nf8 27. Qe5 Nd7
28. Qe6 Bh4 29. Re3 Qxd4 30. Rf3 Kc7 31. Rg1 Qd1+ 32. Kg2 Qxc2+ 33. Kh1 Rf8 34.
Qxf5 Qxf5 35. Rxf5 Bf6 36. h4 Rxf7 37. h5 Kd6 38. Rg6 Ke6 39. Rf2 Rh7 40. Rh2
Ne5 41. Rg3 c5 42. Kg1 c4 43. Kf1 Nd3 0-1

[Event "YUG-ch"]
[Site "Umag"]
[Date "1972.??.??"]
[Round "18"]
[White "Matulovic, Milan"]
[Black "Velimirovic, Dragoljub"]
[Result "1/2-1/2"]
[WhiteElo "2525"]
[BlackElo "2500"]
[PlyCount "105"]
[EventDate "1972.??.??"]
[EventType "tourn"]
[EventRounds "19"]
[EventCountry "YUG"]
[EventCategory "9"]
[Source "ChessBase"]
[SourceDate "1999.07.01"]
[WhiteTeamCountry "YUG"]
[BlackTeamCountry "URS"]

1. e4 c5 2. Ne2 d6 3. g3 Nc6 4. Bg2 Bd7 5. O-O g6 6. c3 h5 7. d4 h4 8. Be3 Nf6
9. f3 hxg3 10. hxg3 Bh6 11. Qd2 Bxe3+ 12. Qxe3 cxd4 13. cxd4 Qa5 14. Nbc3 Kf8
15. Kf2 Kg7 16. a3 Qb6 17. Rh1 Rad8 18. b4 e5 19. dxe5 Qxe3+ 20. Kxe3 dxe5 21.
Rxh8 Rxh8 22. Rh1 Rc8 23. Rc1 Ne7 24. Nd1 Bc6 25. Nb2 Bb5 26. Rxc8 Nxc8 27. Nc3
Nd6 28. Nxb5 Nxb5 29. Nc4 Nh5 30. g4 Nf4 31. Bf1 Ne6 32. a4 Nbd4 33. Bd3 Kf6
34. Nd6 Nd8 35. b5 Ke6 36. Nc4 f6 37. f4 g5 38. fxg5 fxg5 39. Nd2 b6 40. Bc4+
Kd6 41. Bg8 Ke7 42. Nc4 Kf6 43. Nd6 N4e6 44. Bxe6 Nxe6 45. Nc8 Nc5 46. Nxa7
Nxa4 47. Nc6 Nc3 48. Nb4 Ke6 49. Kd3 Na4 50. Nd5 Kd6 51. Kc4 Nc5 52. Nxb6 Nxe4
53. Nc8+ 1/2-1/2

[Event "YUG-ch"]
[Site "Umag"]
[Date "1972.??.??"]
[Round "19"]
[White "Velimirovic, Dragoljub"]
[Black "Marovic, Drazen"]
[Result "1-0"]
[WhiteElo "2500"]
[BlackElo "2465"]
[PlyCount "63"]
[EventDate "1972.??.??"]
[EventType "tourn"]
[EventRounds "19"]
[EventCountry "YUG"]
[EventCategory "9"]
[Source "ChessBase"]
[SourceDate "1999.07.01"]
[WhiteTeamCountry "YUG"]
[BlackTeamCountry "URS"]

1. e4 Nf6 2. e5 Nd5 3. c4 Nb6 4. d4 d6 5. f4 Bf5 6. Nc3 dxe5 7. fxe5 e6 8. Nf3
Be7 9. Be3 O-O 10. Bd3 Bg4 11. O-O Nc6 12. h3 Bxf3 13. Qxf3 Nxe5 14. Bxh7+ Kxh7
15. dxe5 Qd3 16. Rad1 Qg6 17. Rd4 Rad8 18. Rg4 Qd3 19. Ne4 Nxc4 20. Rxg7+ Kxg7
21. Qg4+ Kh8 22. Bg5 Rd4 23. Re1 Nxe5 24. Qh4+ Kg8 25. Bxe7 Rxe4 26. Rxe4 Ng6
27. Rg4 Qe3+ 28. Kh1 Rc8 29. Bf6 Kf8 30. Rxg6 Ke8 31. Rg3 Qe2 32. Qd4 1-0

[Event "URS-YUG"]
[Site "Tbilisi"]
[Date "1973.??.??"]
[Round "2"]
[White "Vasiukov, Evgeni"]
[Black "Velimirovic, Dragoljub"]
[Result "1-0"]
[WhiteElo "2560"]
[BlackElo "2510"]
[PlyCount "49"]
[EventDate "1973.??.??"]
[EventType "team"]
[EventRounds "4"]
[EventCountry "URS"]
[Source "ChessBase"]
[SourceDate "1999.07.01"]
[WhiteTeamCountry "YUG"]
[BlackTeamCountry "URS"]

1. e4 c5 2. Nf3 Nc6 3. Bb5 e6 4. Bxc6 bxc6 5. O-O Qc7 6. d3 d6 7. Nc3 Nf6 8.
Qe2 e5 9. Nh4 g6 10. f4 exf4 11. e5 dxe5 12. Bxf4 Nd7 13. Rae1 Bg7 14. Nf3 f6
15. Ne4 O-O 16. Be3 Re8 17. g4 f5 18. gxf5 gxf5 19. Nfg5 Nf6 20. Nxf6+ Bxf6 21.
Qh5 Re7 22. Nxh7 Rg7+ 23. Kh1 Qf7 24. Nxf6+ Qxf6 25. Rg1 1-0

[Event "URS-YUG"]
[Site "Tbilisi"]
[Date "1973.??.??"]
[Round "4"]
[White "Vasiukov, Evgeni"]
[Black "Velimirovic, Dragoljub"]
[Result "1/2-1/2"]
[WhiteElo "2560"]
[BlackElo "2510"]
[PlyCount "87"]
[EventDate "1973.??.??"]
[EventType "team"]
[EventRounds "4"]
[EventCountry "URS"]
[Source "ChessBase"]
[SourceDate "1999.07.01"]
[WhiteTeamCountry "YUG"]
[BlackTeamCountry "URS"]

1. e4 c5 2. Nf3 Nc6 3. d4 cxd4 4. Nxd4 g6 5. Be2 Bg7 6. Nb3 Nf6 7. Nc3 d6 8.
Bg5 a6 9. a4 Be6 10. O-O O-O 11. f4 Bxb3 12. cxb3 Nd7 13. Kh1 Nc5 14. Bc4 Bxc3
15. bxc3 Nxe4 16. Bh6 e6 17. Qe1 d5 18. Bxf8 Qxf8 19. Bd3 Nc5 20. Bc2 Rd8 21.
Rd1 Qg7 22. Rf3 Qf6 23. h3 Kg7 24. Qe3 b6 25. g4 Rd6 26. Kg2 Kf8 27. Kg3 Qd8
28. f5 exf5 29. gxf5 d4 30. Qh6+ Kg8 31. fxg6 hxg6 32. Re1 d3 33. Rfe3 Ne6 34.
Rxe6 Rxe6 35. Rxe6 dxc2 36. Rxc6 Qb8+ 37. Kg4 Qb7 38. Qd2 Qxc6 39. Qxc2 Kg7 40.
Kg3 Qd6+ 41. Kf3 Qf6+ 42. Kg2 Qg5+ 43. Kf3 Qd5+ 44. Kg3 1/2-1/2

[Event "EU-chT (Men) 05th"]
[Site "Bath"]
[Date "1973.07.09"]
[Round "4.7"]
[White "Geller, Efim"]
[Black "Velimirovic, Dragoljub"]
[Result "1-0"]
[WhiteElo "2605"]
[BlackElo "2510"]
[PlyCount "85"]
[EventDate "1973.07.06"]
[EventType "tourn ()"]
[EventRounds "7"]
[EventCountry "ENG"]
[Source "ChessBase"]
[SourceDate "1999.07.01"]
[WhiteTeam "Soviet Union"]
[BlackTeam "Yugoslavia"]
[WhiteTeamCountry "URS"]
[BlackTeamCountry "YUG"]

1. Nf3 Nf6 2. d4 c5 3. d5 g6 4. c4 Bg7 5. Nc3 O-O 6. e4 d6 7. Be2 e6 8. Nd2 a6
9. a4 Re8 10. O-O Nbd7 11. Qc2 Qe7 12. b3 exd5 13. cxd5 c4 14. Nxc4 Nxe4 15.
Nxe4 Qxe4 16. Qxe4 Rxe4 17. Ra2 Bf8 18. a5 Re8 19. Be3 Nc5 20. b4 Ne4 21. Rc1
Nf6 22. Nb6 Rb8 23. b5 axb5 24. Bxb5 Rxe3 25. fxe3 Bf5 26. h3 h5 27. Rc7 Bh6
28. Ra3 Bg5 29. Kf1 Kg7 30. Bd3 Bxd3+ 31. Rxd3 Ne4 32. Rc8 Rxc8 33. Nxc8 Bd8
34. Rd4 f5 35. Rxe4 fxe4 36. Nxd6 Bxa5 37. Nxb7 Bb6 38. Ke2 Kf6 39. Nd6 Ba5 40.
Kd1 Bb4 41. Nc4 Kg5 42. d6 Kf6 43. Kc2 1-0

[Event "Nice ol (Men) fin-A"]
[Site "Nice"]
[Date "1974.06.20"]
[Round "6"]
[White "Velimirovic, Dragoljub"]
[Black "Plachetka, Jan"]
[Result "1-0"]
[WhiteElo "2530"]
[BlackElo "2405"]
[Annotator "Janosevic"]
[PlyCount "75"]
[EventDate "1974.06.06"]
[EventType "tourn ()"]
[EventRounds "15"]
[EventCountry "FRA"]
[Source "ChessBase"]
[SourceDate "1999.11.16"]
[WhiteTeam "Yugoslavia"]
[BlackTeam "Czechoslovakia"]
[WhiteTeamCountry "YUG"]
[BlackTeamCountry "CSR"]

1. e4 e5 2. Nf3 Nc6 3. Bb5 a6 4. Ba4 Nf6 5. O-O Be7 6. Bxc6 dxc6 7. Qe1 Nd7 8.
b3 c5 9. Bb2 Bd6 10. a4 b6 11. Na3 O-O 12. Nc4 Re8 13. d3 f6 14. Nh4 Nf8 15.
Nf5 Ne6 $2 (15... Ng6 $1 $13) 16. a5 $1 b5 17. Nfxd6 cxd6 18. Nb6 Ra7 19. c4 $1
$16 bxc4 20. dxc4 Rf7 21. f3 Bb7 22. Qd2 f5 23. exf5 Rxf5 24. Nd5 Nd4 25. Qd3
Ref8 26. Bxd4 cxd4 $4 (26... exd4 $1) 27. b4 R5f7 28. Rfb1 Qg5 29. Kh1 Rc8 30.
Nb6 Re8 31. Nd5 Bc6 32. Qe4 $1 Rc8 (32... Rf4 33. Ne7+) 33. b5 axb5 34. cxb5
Bxb5 $2 (34... Rf4 35. Qd3) 35. h4 $1 (35. Rxb5 $4 Rc1+) 35... Qd2 36. Rxb5 Rc6
37. a6 Ra7 38. Rb7 1-0

[Event "Nice ol (Men) fin-A"]
[Site "Nice"]
[Date "1974.06.21"]
[Round "7"]
[White "Stean, Michael"]
[Black "Velimirovic, Dragoljub"]
[Result "1-0"]
[WhiteElo "2345"]
[BlackElo "2530"]
[PlyCount "81"]
[EventDate "1974.06.06"]
[EventType "tourn ()"]
[EventRounds "15"]
[EventCountry "FRA"]
[Source "ChessBase"]
[SourceDate "1999.11.16"]
[WhiteTeam "England"]
[BlackTeam "Yugoslavia"]
[WhiteTeamCountry "ENG"]
[BlackTeamCountry "YUG"]

1. e4 c5 2. Nf3 Nc6 3. d4 cxd4 4. Nxd4 Nf6 5. Nc3 d6 6. Bc4 e6 7. Be3 Be7 8.
Qe2 a6 9. O-O-O Qc7 10. Bb3 O-O 11. Rhg1 b5 12. g4 b4 13. Nd5 Nxd5 14. Nxc6
Nxe3 15. Nxe7+ Qxe7 16. Qxe3 a5 17. Ba4 Bb7 18. g5 Rfc8 19. h4 Rc4 20. Rd4 d5
21. exd5 Rxd4 22. Qxd4 Bxd5 23. f4 Rc8 24. Re1 Qc5 25. Qxc5 Rxc5 26. Bb3 Bxb3
27. axb3 Rf5 28. Re4 h6 29. c4 Kh7 30. Kd2 Kg6 31. Ke3 hxg5 32. hxg5 f6 33.
Rxe6 Kf7 34. Re4 fxg5 35. fxg5 Rxg5 36. Kd4 Rg2 37. c5 Rxb2 38. Kc4 Kf6 39. c6
Kf5 40. Rd4 Ke5 41. Rd5+ 1-0

[Event "Nice ol (Men) fin-A"]
[Site "Nice"]
[Date "1974.06.28"]
[Round "13"]
[White "Ghitescu, Theodor"]
[Black "Velimirovic, Dragoljub"]
[Result "1/2-1/2"]
[WhiteElo "2440"]
[BlackElo "2530"]
[PlyCount "72"]
[EventDate "1974.06.06"]
[EventType "tourn ()"]
[EventRounds "15"]
[EventCountry "FRA"]
[Source "ChessBase"]
[SourceDate "1999.11.16"]
[WhiteTeam "Romania"]
[BlackTeam "Yugoslavia"]
[WhiteTeamCountry "ROM"]
[BlackTeamCountry "YUG"]

1. d4 Nf6 2. c4 e6 3. Nf3 Bb4+ 4. Nbd2 b6 5. a3 Bxd2+ 6. Qxd2 Bb7 7. g3 O-O 8.
Bg2 Qe7 9. O-O d6 10. b4 Nbd7 11. Bb2 c5 12. Rfd1 Rad8 13. dxc5 dxc5 14. Qc3
Nb8 15. b5 Rxd1+ 16. Rxd1 Rd8 17. Re1 Qd6 18. a4 a5 19. h3 h6 20. Qc1 Ne8 21.
Be5 Qe7 22. Rd1 Rxd1+ 23. Qxd1 Nd7 24. Bb2 Qd6 25. Qc2 f5 26. Kh2 Be4 27. Qc3
Qd1 28. Ne5 Qxe2 29. Bxe4 fxe4 30. Kg2 Ndf6 31. Bc1 Nd6 32. g4 Nf7 33. Be3 Nxe5
34. Qxe5 Qxc4 35. Qb8+ Kh7 36. Qxb6 Nd5 1/2-1/2

[Event "Nice ol (Men) qual-C"]
[Site "Nice"]
[Date "1974.06.07"]
[Round "1"]
[White "Velimirovic, Dragoljub"]
[Black "Toth, Bela"]
[Result "1-0"]
[WhiteElo "2530"]
[BlackElo "2385"]
[PlyCount "89"]
[EventDate "1974.06.07"]
[EventType "tourn ()"]
[EventRounds "9"]
[EventCountry "FRA"]
[Source "ChessBase"]
[SourceDate "1999.11.16"]
[WhiteTeam "Yugoslavia"]
[BlackTeam "Italy"]
[WhiteTeamCountry "YUG"]
[BlackTeamCountry "ITA"]

1. e4 e5 2. d4 exd4 3. Nf3 Nc6 4. c3 d5 5. exd5 Qxd5 6. cxd4 Bg4 7. Be2 Bb4+ 8.
Nc3 Bxf3 9. Bxf3 Qc4 10. Qb3 Qxb3 11. axb3 Nxd4 12. Bxb7 Nc2+ 13. Ke2 Nxa1 14.
Bc6+ Kf8 15. Bxa8 Nxb3 16. Be3 Nf6 17. Nd5 Bd6 18. Nxf6 gxf6 19. Bd5 Nc5 20.
Ra1 Ke7 21. Rxa7 Rb8 22. Ra2 f5 23. g3 Ne6 24. f4 Nc5 25. Bd4 Ne4 26. Ra5 Rb4
27. Kd3 c5 28. Ra7+ Kd8 29. Bc3 Nxc3 30. bxc3 Rb2 31. h4 Be7 32. Kc4 Rb1 33.
Bxf7 Rg1 34. Kd5 Rxg3 35. Kc6 Bxh4 36. Rd7+ Kc8 37. Be6 Rg6 38. Kd5 Kb8 39.
Rxh7 Bg3 40. Bxf5 Rg8 41. Be6 Rd8+ 42. Ke4 c4 43. f5 Rd3 44. f6 Bd6 45. Rd7 1-0

[Event "IBM"]
[Site "Amsterdam"]
[Date "1974.??.??"]
[Round "1"]
[White "Velimirovic, Dragoljub"]
[Black "Ribli, Zoltan"]
[Result "0-1"]
[WhiteElo "2530"]
[BlackElo "2525"]
[PlyCount "67"]
[EventDate "1974.07.??"]
[EventType "tourn"]
[EventRounds "15"]
[EventCountry "NED"]
[EventCategory "11"]
[Source "ChessBase"]
[SourceDate "1999.07.01"]
[WhiteTeamCountry "YUG"]
[BlackTeamCountry "FIN"]

1. e4 c5 2. Nf3 Nc6 3. d4 cxd4 4. Nxd4 e6 5. c4 Nf6 6. Nc3 Bb4 7. Nxc6 bxc6 8.
Bd3 O-O 9. e5 Qa5 10. exf6 Bxc3+ 11. bxc3 Qxc3+ 12. Qd2 Qxa1 13. fxg7 Qxg7 14.
O-O d5 15. Bb2 f6 16. f4 Rb8 17. Rf3 Qc7 18. c5 Rb7 19. Bd4 Qd8 20. Rg3+ Kh8
21. Qc3 Rg7 22. Rxg7 Kxg7 23. Qe1 Qe7 24. h3 Kg8 25. Qh4 Qg7 26. Kh1 Bd7 27.
Bc2 Be8 28. Qe1 Bf7 29. Ba4 e5 30. fxe5 fxe5 31. Qxe5 Qxe5 32. Bxe5 Re8 33. Bg3
d4 34. Kg1 0-1

[Event "IBM"]
[Site "Amsterdam"]
[Date "1974.??.??"]
[Round "2"]
[White "Donner, Jan Hein"]
[Black "Velimirovic, Dragoljub"]
[Result "1/2-1/2"]
[WhiteElo "2495"]
[BlackElo "2530"]
[PlyCount "84"]
[EventDate "1974.07.??"]
[EventType "tourn"]
[EventRounds "15"]
[EventCountry "NED"]
[EventCategory "11"]
[Source "ChessBase"]
[SourceDate "1999.07.01"]
[WhiteTeamCountry "YUG"]
[BlackTeamCountry "FIN"]

1. d4 Nf6 2. c4 c5 3. d5 e6 4. Nc3 exd5 5. cxd5 d6 6. Nf3 g6 7. e4 Bg7 8. Be2
O-O 9. O-O Re8 10. Qc2 Bg4 11. Re1 a6 12. a4 Nbd7 13. Bf4 Qc7 14. Nd2 Bxe2 15.
Rxe2 Nh5 16. Be3 Bd4 17. Rf1 Ne5 18. Nd1 Bxe3 19. Rxe3 Ng4 20. Ree1 b5 21. h3
Ngf6 22. f4 Ng3 23. Rf3 Nf5 24. Rff1 Nd4 25. Qd3 Re7 26. Nc3 Rae8 27. axb5 axb5
28. Nxb5 Nxb5 29. Qxb5 Nxd5 30. Rc1 Nf6 31. e5 Nd7 32. Ne4 dxe5 33. Nxc5 Nxc5
34. Qxc5 Qxc5+ 35. Rxc5 e4 36. f5 e3 37. Re1 Rd8 38. Rc3 gxf5 39. Rcxe3 Rxe3
40. Rxe3 Rd2 41. b3 f4 42. Rf3 Rb2 1/2-1/2

[Event "IBM"]
[Site "Amsterdam"]
[Date "1974.??.??"]
[Round "3"]
[White "Velimirovic, Dragoljub"]
[Black "Csom, Istvan"]
[Result "1-0"]
[WhiteElo "2530"]
[BlackElo "2540"]
[PlyCount "51"]
[EventDate "1974.07.??"]
[EventType "tourn"]
[EventRounds "15"]
[EventCountry "NED"]
[EventCategory "11"]
[Source "ChessBase"]
[SourceDate "1999.07.01"]
[WhiteTeamCountry "YUG"]
[BlackTeamCountry "FIN"]

1. e4 c5 2. Nf3 d6 3. d4 Nf6 4. Nc3 cxd4 5. Nxd4 a6 6. Bc4 e6 7. Bb3 Be7 8. Be3
Nc6 9. Qe2 Qc7 10. O-O-O O-O 11. Kb1 b5 12. Nxc6 Qxc6 13. Bd4 Bb7 14. Rhe1 Qc7
15. a3 Rac8 16. f4 e5 17. fxe5 dxe5 18. Nd5 Bxd5 19. exd5 exd4 20. Qxe7 Qxh2
21. d6 Rce8 22. Bxf7+ Rxf7 23. Qxe8+ Nxe8 24. Rxe8+ Rf8 25. d7 Qd6 26. Rf1 1-0

[Event "IBM"]
[Site "Amsterdam"]
[Date "1974.??.??"]
[Round "5"]
[White "Velimirovic, Dragoljub"]
[Black "Knaak, Rainer"]
[Result "1-0"]
[WhiteElo "2530"]
[BlackElo "2515"]
[PlyCount "89"]
[EventDate "1974.07.??"]
[EventType "tourn"]
[EventRounds "15"]
[EventCountry "NED"]
[EventCategory "11"]
[Source "ChessBase"]
[SourceDate "1999.07.01"]
[WhiteTeamCountry "YUG"]
[BlackTeamCountry "FIN"]

1. e4 Nc6 2. Bb5 e5 3. Nf3 a6 4. Bxc6 dxc6 5. O-O Qd6 6. d3 f6 7. Nbd2 Be6 8.
Nc4 Qd7 9. Qe2 O-O-O 10. Be3 g5 11. Rad1 c5 12. c3 Qc6 13. b3 Nh6 14. Bc1 Nf7
15. Bb2 Nd6 16. Nxd6+ Bxd6 17. Ne1 h5 18. d4 Qb6 19. Nc2 c4 20. b4 exd4 21.
cxd4 h4 22. d5 Bd7 23. Bd4 Bxh2+ 24. Kxh2 Qd6+ 25. Kg1 g4 26. f3 gxf3 27. Qxf3
h3 28. g3 h2+ 29. Kh1 Rdg8 30. Bxf6 Bg4 31. Qf4 Bxd1 32. Rxd1 Qxf4 33. gxf4 Rh3
34. Bg5 Rgh8 35. e5 Rc3 36. Rd2 Rf3 37. Rd1 Rc3 38. Ne1 Re3 39. Ng2 Re2 40. Rc1
Rxa2 41. Nh4 b5 42. e6 Rg8 43. Nf5 Rh8 44. Bf6 Re8 45. Re1 1-0

[Event "IBM"]
[Site "Amsterdam"]
[Date "1974.??.??"]
[Round "6"]
[White "Geller, Efim"]
[Black "Velimirovic, Dragoljub"]
[Result "1/2-1/2"]
[WhiteElo "2610"]
[BlackElo "2530"]
[PlyCount "117"]
[EventDate "1974.07.??"]
[EventType "tourn"]
[EventRounds "15"]
[EventCountry "NED"]
[EventCategory "11"]
[Source "ChessBase"]
[SourceDate "1999.07.01"]
[WhiteTeamCountry "YUG"]
[BlackTeamCountry "FIN"]

1. Nf3 c5 2. c4 Nc6 3. Nc3 g6 4. e3 Nf6 5. d4 cxd4 6. exd4 d5 7. Bg5 Bg7 8.
Bxf6 Bxf6 9. cxd5 Nb8 10. Bb5+ Bd7 11. Qb3 O-O 12. O-O Qb6 13. a4 a5 14. Ne5
Bxb5 15. Nxb5 Qd8 16. Rac1 Na6 17. Nd3 Qb6 18. Nc5 Rfd8 19. g3 Nb4 20. d6 exd6
21. Ne4 Bxd4 22. Rc7 d5 23. Qf3 Rf8 24. Ned6 Bc5 25. Rxb7 Qa6 26. Rd7 Bxd6 27.
Rxd6 Qb7 28. Rc1 Rac8 29. Rc3 Qe7 30. Re3 Qb7 31. h4 Rc4 32. h5 Qc8 33. Kg2 Qg4
34. Qxg4 Rxg4 35. hxg6 fxg6 36. Rd7 Re4 37. Rxe4 dxe4 38. Nd6 e3 39. fxe3 Nc2
40. e4 Ne3+ 41. Kh3 Rf1 42. g4 Rf3+ 43. Kh2 Nxg4+ 44. Kg2 Rb3 45. Rb7 Rd3 46.
Rd7 Re3 47. Rc7 h5 48. Rc3 Rxc3 49. bxc3 Ne5 50. Kg3 Kf8 51. Kf4 h4 52. c4 Ke7
53. c5 Ke6 54. Nb5 g5+ 55. Kxg5 h3 56. Nd4+ Kd7 57. Ne2 Nd3 58. Ng3 Nxc5 59.
Kg4 1/2-1/2

[Event "IBM"]
[Site "Amsterdam"]
[Date "1974.??.??"]
[Round "7"]
[White "Velimirovic, Dragoljub"]
[Black "Tukmakov, Vladimir"]
[Result "0-1"]
[WhiteElo "2530"]
[BlackElo "2570"]
[PlyCount "54"]
[EventDate "1974.07.??"]
[EventType "tourn"]
[EventRounds "15"]
[EventCountry "NED"]
[EventCategory "11"]
[Source "ChessBase"]
[SourceDate "1999.07.01"]
[WhiteTeamCountry "YUG"]
[BlackTeamCountry "FIN"]

1. e4 c5 2. Nf3 d6 3. d4 cxd4 4. Nxd4 Nf6 5. Nc3 a6 6. Bc4 e6 7. Bb3 b5 8. O-O
Be7 9. Qf3 Qc7 10. a3 Nc6 11. Nxc6 Qxc6 12. Re1 O-O 13. Qg3 Kh8 14. Bg5 Nh5 15.
Qh4 Bxg5 16. Qxg5 Nf6 17. Rad1 Bb7 18. Rd3 Rad8 19. Rf3 Qc5 20. Nd5 exd5 21.
Rxf6 dxe4 22. Rf5 d5 23. Re3 f6 24. Qh4 Qe7 25. Rg3 g5 26. Qh5 Qe6 27. Rh3 Qxf5
0-1